Fontes hispaniae antiquae
Zapisane w:
| 1. autor: | |
|---|---|
| Format: | Książka |
| Język: | hiszpański |
| Wydane: |
Barcelona, España
Universidad de Barcelona
1925
|
| Hasła przedmiotowe: | |
| Etykiety: |
Dodaj etykietę
Nie ma etykietki, Dołącz pierwszą etykiete!
|
MARC
| LEADER | 00000nam a2200000 a 4500 | ||
|---|---|---|---|
| 001 | UCO1342 | ||
| 003 | CL-VaPUC | ||
| 005 | 20230124153736.0 | ||
| 008 | 000512e19250000SP |||||||||||||||||spa|d | ||
| 999 | |c 287970 |d 287968 | ||
| 040 | |c Pontificia Universidad Católica de Valparaíso | ||
| 082 | 0 | 4 | |a 936.602 SCH 1925 |2 21 |
| 100 | 0 | |a Schulten, Adolfo |e author |9 443374 | |
| 245 | 1 | 0 | |a Fontes hispaniae antiquae |
| 260 | |a Barcelona, España |b Universidad de Barcelona |c 1925 | ||
| 300 | |a 6 volúmenes | ||
| 500 | |a v.2: 500 a. de J. C. Hasta César | ||
| 500 | |a v.3: Las Guerras de 237-154 a. de J. C. | ||
| 500 | |a v.4: Las Guerras de 154-72 a. de J. C. | ||
| 500 | |a v.5: Las Guerras de 72-19 a. de J. C. | ||
| 500 | |a v.6: Estrabón Geografía de Iberia | ||
| 583 | |a last modification |c 20170518 01:12:10 |k Rodrigo Vera | ||
| 650 | 0 | |a Historia antigua |z ESPAÑA |9 267521 | |
| 650 | 0 | |a Historia de España |9 315435 | |
| 650 | 7 | |a ESPAÑA ROMANA |2 CL-VaPUC |9 443375 | |
| 650 | 0 | |a Cronología |x HISTORIA DE ESPAÑA |9 268356 | |
| 650 | 0 | |a Guerras |z ESPAÑA |9 255273 | |
| 650 | 0 | |a Geografía antigua |z ESPAÑA |9 266056 | |
| 852 | |a BIBCUR | ||
| 942 | |c BK |2 ddc | ||
| 945 | |d 20000512 00:00:00 |a rherrera | ||
| 952 | |0 0 |1 0 |2 ddc |4 0 |6 936_602000000000000_SCH_1925 |7 0 |8 X |9 335090 |a BIBHIS |b BIBHIS |d 2019-11-20 |h v.2 |i 1280791 |o 936.602 SCH 1925 |p 1280791 |r 2024-01-30 |t 1 |w 2019-11-20 |y BK_X |k HIS | ||
| 952 | |0 0 |1 0 |2 ddc |4 0 |6 936_602000000000000_SCH_1925 |7 0 |8 X |9 335091 |a BIBHIS |b BIBHIS |d 2019-11-20 |h v.3 |i 1280805 |o 936.602 SCH 1925 |p 1280805 |r 2024-01-30 |t 1 |w 2019-11-20 |y BK_X |k HIS | ||
| 952 | |0 0 |1 0 |2 ddc |4 0 |6 936_602000000000000_SCH_1925 |7 0 |8 X |9 335092 |a BIBHIS |b BIBHIS |d 2019-11-20 |h v.4 |i 1280813 |o 936.602 SCH 1925 |p 1280813 |r 2024-01-30 |t 1 |w 2019-11-20 |y BK_X |k HIS | ||
| 952 | |0 0 |1 0 |2 ddc |4 0 |6 936_602000000000000_SCH_1925 |7 0 |8 X |9 335093 |a BIBHIS |b BIBHIS |d 2019-11-20 |h v.5 |i 1280821 |o 936.602 SCH 1925 |p 1280821 |r 2024-01-30 |t 1 |w 2019-11-20 |y BK_X |k HIS | ||
| 952 | |0 0 |1 0 |2 ddc |4 0 |6 936_602000000000000_SCH_1925 |7 0 |8 X |9 335094 |a BIBHIS |b BIBHIS |d 2019-11-20 |h v.6 |i 128083K |o 936.602 SCH 1925 |p 128083K |r 2024-01-30 |t 1 |w 2019-11-20 |y BK_X |k HIS | ||